Gaming Quiz

Random Gaming or Video Games Quiz

Minecraft: Things You Can Make With Gold Quiz Stats

Quiz Updated Jan 19, 2016

Challenge
Share
Tweet
Embed
Score 0/15 Timer 04:00
1 Play Today
Answer % Correct
Golden Sword
93.9%
Golden Pickaxe
82.5%
Golden Axe
81.7%
Golden Helmet
79.5%
Golden Shovel
78%
Golden Boots
77.1%
Golden Hoe
75.1%
Golden Chestplate
74.9%
Answer % Correct
Gold Block
74.2%
Golden Leggings
70.3%
Golden Apple
64.4%
Clock
55.5%
Gold Nugget
51.7%
Powered Rail
36.7%
Weighted Pressure Plate
26.9%

You're not logged in!

Compare scores with friends on all Sporcle quizzes.
Join for Free
OR
Log In

You Might Also Like...

Show Comments

Extras

Top Quizzes Today


Score Distribution

Your Account Isn't Verified!

In order to create a playlist on Sporcle, you need to verify the email address you used during registration. Go to your Sporcle Settings to finish the process.

Report this User

Report this user for behavior that violates our Community Guidelines.

Details: